000 00354nam a2200133Ia 4500
005 20260328104249.0
008 260328s9999||||xx |||||||||||||| ||und||
100 _aBenyus, Janine M.
245 0 _aBiomimicry :
_b Innovation Inspired by Nature /
_cJanine M. Benyus
260 _bMarron
300 _a308 p.
650 _aARQUITECTURA Y CLIMA
942 _cBK
999 _c10196
_d10196